[Event "Junior Online 4NCL Division 1"]
[Site "online"]
[Date "2020.10.15"]
[Round "5.11"]
[White "Collins, Adam"]
[Black "Vaidyanathan, Adithya"]
[Result "1-0"]
[WhiteElo "1760"]
[BlackElo "1405"]
[PlyCount "71"]
[EventDate "2020.10.15"]
[WhiteTeam "A6 and Chill"]
[BlackTeam "Warwickshire Bears C"]

1. e4 c5 2. c3 Nc6 3. d4 cxd4 4. cxd4 d5 5. exd5 Qxd5 6. Nf3 Bg4 7. Be2 Nf6 8.
Nc3 Qd7 9. Be3 e6 10. O-O Bb4 11. Rc1 Bxc3 12. bxc3 Nd5 13. Bd2 O-O 14. h3 Bxf3
15. Bxf3 Qc7 16. c4 Nb6 17. d5 Ne5 18. Bb4 Rfd8 19. d6 Nxf3+ 20. Qxf3 Qc8 21.
Rfd1 a5 22. Ba3 Nd7 23. c5 Ne5 24. Qc3 Nc6 25. Bb2 e5 26. f4 f6 27. Qc4+ Kh8
28. fxe5 Nxe5 29. Bxe5 fxe5 30. Qd5 Ra6 31. Qxe5 Rf8 32. Rf1 Re8 33. Qd4 Qd7
34. Rce1 Rc8 35. Re7 Qd8 36. Qxg7# 1-0

[Event "Junior Online 4NCL Division 1"]
[Site "online"]
[Date "2020.10.15"]
[Round "5.12"]
[White "Pasha, Farhaan"]
[Black "O'cuilleanain, Oisin"]
[Result "0-1"]
[WhiteElo "1435"]
[BlackElo "1669"]
[PlyCount "102"]
[EventDate "2020.10.15"]
[WhiteTeam "Warwickshire Bears C"]
[BlackTeam "A6 and Chill"]

1. e4 e5 2. Nf3 Nc6 3. Bc4 Bc5 4. d3 Nf6 5. Nc3 d6 6. h3 h6 7. O-O O-O 8. Be3
Bb6 9. Qd2 Be6 10. Bb3 Ne7 11. Rad1 Ng6 12. d4 Nh5 13. dxe5 dxe5 14. Qe2 Qe7
15. Bxb6 axb6 16. Qe3 Nhf4 17. Rfe1 Rfd8 18. Rxd8+ Rxd8 19. Ne2 Nxe2+ 20. Qxe2
Nf4 21. Qb5 Qf6 22. Qxe5 Nxh3+ 23. gxh3 Qxf3 24. Qxc7 Bxh3 25. Bxf7+ Kh7 26.
Qg3 Qxf7 27. Qxh3 Rd2 28. Rc1 Qxf2+ 29. Kh1 Qf4 30. Rf1 Rh2+ 31. Qxh2 Qxf1+ 32.
Qg1 Qf4 33. Qxb6 Qxe4+ 34. Kg1 Qg6+ 35. Kf1 Qxb6 36. Ke1 Qxb2 37. Kd2 Qxa2 38.
Kd3 b5 39. c3 Qc4+ 40. Kc2 g5 41. Kd2 g4 42. Ke3 Qxc3+ 43. Kf4 Qf3+ 44. Ke5 g3
45. Kd4 g2 46. Kc5 g1=Q+ 47. Kxb5 Qf5+ 48. Kc4 Qgg4+ 49. Kb3 Qff3+ 50. Kc2
Qgg2+ 51. Kc1 Qff1# 0-1

[Event "Junior Online 4NCL Division 1"]
[Site "online"]
[Date "2020.10.15"]
[Round "5.13"]
[White "Kavanagh, James"]
[Black "Jayaprabu, Jaden"]
[Result "1-0"]
[WhiteElo "1719"]
[BlackElo "1420"]
[PlyCount "51"]
[EventDate "2020.10.15"]
[WhiteTeam "A6 and Chill"]
[BlackTeam "Warwickshire Bears C"]

1. e4 e5 2. Nf3 Nc6 3. Bc4 Bc5 4. O-O Nf6 5. d3 h6 6. Be3 Bb6 7. Nbd2 d6 8. h3
Be6 9. Bxe6 fxe6 10. Nc4 d5 11. Ncxe5 Nxe5 12. Nxe5 d4 13. Bf4 O-O 14. Bh2 c5
15. f4 Bc7 16. f5 Nd7 17. Ng6 Bxh2+ 18. Kxh2 Qc7+ 19. Kg1 Rf6 20. Qg4 exf5 21.
Ne7+ Kf7 22. Nxf5 Rg6 23. Nd6+ Ke7 24. Qxg6 Ne5 25. Qxg7+ Kxd6 26. Rf6# 1-0

[Event "Junior Online 4NCL Division 1"]
[Site "online"]
[Date "2020.10.15"]
[Round "5.14"]
[White "Purushothaman, Amitesh"]
[Black "Hackett, William"]
[Result "0-1"]
[WhiteElo "1360"]
[BlackElo "1530"]
[PlyCount "107"]
[EventDate "2020.10.15"]
[WhiteTeam "Warwickshire Bears C"]
[BlackTeam "A6 and Chill"]

1. d4 d5 2. c4 c6 3. Nc3 Nf6 4. e3 Bf5 5. cxd5 cxd5 6. Qb3 Qd7 7. Nf3 Nc6 8.
Bb5 e6 9. Ne5 Qc7 10. Qa4 Rc8 11. Nxc6 bxc6 12. Be2 Bd6 13. h3 O-O 14. Qd1 c5
15. Nb5 Qb6 16. Nxd6 Qxd6 17. O-O cxd4 18. exd4 Rc2 19. Bd3 Bxd3 20. Qxd3 Rfc8
21. Rb1 Ne4 22. Be3 Qb4 23. Rfc1 Qc4 24. Qxc4 R8xc4 25. a3 Kf8 26. Kf1 Ke7 27.
Ke1 f6 28. Kf1 Rxc1+ 29. Rxc1 Rxc1+ 30. Bxc1 e5 31. Be3 a6 32. Ke2 Nd6 33. dxe5
fxe5 34. Bc5 Ke6 35. Bxd6 Kxd6 36. b4 g5 37. a4 h5 38. f3 h4 39. Kd3 d4 40. Ke4
Kc6 41. Kd3 Kd5 42. a5 Kd6 43. Kd2 Kc6 44. Kc2 Kb5 45. Kb3 d3 46. Kc3 d2 47.
Kxd2 Kxb4 48. Kd3 Kxa5 49. Kc3 Kb5 50. Kb3 Kc5 51. Kc3 Kd5 52. Kd3 a5 53. Kc3
e4 54. Kb3 0-1

[Event "Junior Online 4NCL Division 1"]
[Site "online"]
[Date "2020.10.15"]
[Round "5.15"]
[White "Vaidyanathan, Adithya"]
[Black "Collins, Adam"]
[Result "0-1"]
[WhiteElo "1405"]
[BlackElo "1760"]
[PlyCount "102"]
[EventDate "2020.10.15"]
[WhiteTeam "Warwickshire Bears C"]
[BlackTeam "A6 and Chill"]

1. Nf3 d5 2. d4 Nf6 3. c4 c6 4. Nc3 dxc4 5. e4 b5 6. a4 b4 7. Na2 Nxe4 8. Bxc4
e6 9. Qe2 Nf6 10. Bd2 a5 11. Ne5 Bd6 12. Qf3 Qc7 13. Bf4 Bb7 14. Qg3 Nh5 15.
Qf3 Nxf4 16. Qxf4 f6 17. Bxe6 fxe5 18. dxe5 Bxe5 19. Qd2 Qd6 20. Qxd6 Bxd6 21.
O-O Kd8 22. Rad1 Kc7 23. Rfe1 Na6 24. Bh3 Rhe8 25. f4 Nc5 26. Rf1 Ba6 27. Rf2
Ne4 28. Rc2 Rad8 29. Rdc1 Bb7 30. Bf5 b3 31. Rc4 Nd2 32. Rd4 bxa2 33. Rxd2 Bxf4
34. Rxd8 Rxd8 35. Rf1 Be3+ 36. Kh1 Ba6 37. Re1 Be2 38. Bc2 Rd1 39. Bxd1 a1=Q
40. h3 Qxd1 41. Rxd1 Bxd1 42. Kh2 Bxa4 43. Kg3 Bd4 44. Kf4 Bxb2 45. Kg5 Bf6+
46. Kf5 Bc2+ 47. Ke6 a4 48. Kf7 a3 49. Kg8 a2 50. Kf7 a1=Q 51. Ke6 Qa2# 0-1

[Event "Junior Online 4NCL Division 1"]
[Site "online"]
[Date "2020.10.15"]
[Round "5.16"]
[White "O'cuilleanain, Oisin"]
[Black "Pasha, Farhaan"]
[Result "0-1"]
[WhiteElo "1669"]
[BlackElo "1435"]
[PlyCount "117"]
[EventDate "2020.10.15"]
[WhiteTeam "A6 and Chill"]
[BlackTeam "Warwickshire Bears C"]

1. d4 d5 2. c4 Nf6 3. Nf3 Bf5 4. Qb3 b6 5. Nc3 e6 6. Ne5 Be7 7. cxd5 exd5 8.
Bf4 O-O 9. e3 c6 10. Be2 Bd6 11. O-O Be4 12. Nxe4 Nxe4 13. Bf3 Nd2 14. Qd1 Nxf1
15. Kxf1 Qh4 16. Bg3 Qe7 17. Rc1 Qe8 18. Kg1 Bxe5 19. Bxe5 Qe6 20. Bg4 f5 21.
Bf3 Qg6 22. Bh5 Qg5 23. Bf4 Qf6 24. b4 b5 25. Qb3 Qh4 26. Bf3 a5 27. Bxd5+ cxd5
28. Qxd5+ Kh8 29. Qxa8 axb4 30. Bxb8 Qd8 31. Qa5 Qxa5 32. Be5 Qxa2 33. g3 b3
34. Rc7 Rg8 35. d5 b2 36. Bxb2 Qxb2 37. d6 Qd2 38. d7 b4 39. Rb7 b3 40. e4 fxe4
41. h4 b2 42. Rxb2 Qxb2 43. h5 Rd8 44. h6 gxh6 45. g4 Rxd7 46. g5 hxg5 47. Kg2
e3 48. Kg3 Qxf2+ 49. Kg4 Rd4+ 50. Kxg5 Qg2+ 51. Kf5 Rd5+ 52. Kf4 e2 53. Ke3
Re5+ 54. Kf4 Qg5+ 55. Kf3 Rf5+ 56. Kxe2 Qg2+ 57. Ke3 Rf3+ 58. Ke4 Qg4+ 59. Ke5
0-1

[Event "Junior Online 4NCL Division 1"]
[Site "online"]
[Date "2020.10.15"]
[Round "5.17"]
[White "Jayaprabu, Jaden"]
[Black "Kavanagh, James"]
[Result "0-1"]
[WhiteElo "1420"]
[BlackElo "1719"]
[PlyCount "116"]
[EventDate "2020.10.15"]
[WhiteTeam "Warwickshire Bears C"]
[BlackTeam "A6 and Chill"]

1. e4 c5 2. Nf3 d6 3. d4 cxd4 4. Nxd4 Nf6 5. Nc3 a6 6. f4 e6 7. e5 dxe5 8. fxe5
Nfd7 9. Nf3 Nc6 10. Bg5 Be7 11. Bxe7 Qxe7 12. Qd6 Ndxe5 13. Qxe7+ Kxe7 14. Nxe5
Nxe5 15. Bd3 Nxd3+ 16. cxd3 b5 17. O-O Bb7 18. Rf4 Rhd8 19. Raf1 f6 20. Rg4 Kf7
21. d4 Rd7 22. Ne4 Bxe4 23. Rxe4 Rad8 24. Rfe1 Rd6 25. Kf2 Rc8 26. R1e2 Rc4 27.
Ke3 f5 28. Rh4 Kg6 29. b3 Rb4 30. Rd2 h5 31. Rd3 Kh6 32. a3 g5 33. Rxh5+ Kxh5
34. axb4 Rd5 35. Kf3 e5 36. Ke3 e4 37. Rd2 Kg4 38. h3+ Kg3 39. Ra2 Rd6 40. Rd2
Rd5 41. Ra2 Rd6 42. Rd2 Re6 43. Ra2 f4+ 44. Kd2 Kxg2 45. Kc3+ Kxh3 46. d5 Rd6
47. Kd4 e3 48. Ke5 Rd8 49. d6 f3 50. Rxa6 f2 51. Ra1 e2 52. Rh1+ Kg2 53. Rh6
e1=Q+ 54. Kf5 f1=Q+ 55. Kxg5 Qe3+ 56. Kh5 Qh1+ 57. Kg4 Rg8+ 58. Kf5 Qf1# 0-1

[Event "Junior Online 4NCL Division 1"]
[Site "online"]
[Date "2020.10.15"]
[Round "5.18"]
[White "Hackett, William"]
[Black "Purushothaman, Amitesh"]
[Result "1-0"]
[WhiteElo "1530"]
[BlackElo "1360"]
[PlyCount "117"]
[EventDate "2020.10.15"]
[WhiteTeam "A6 and Chill"]
[BlackTeam "Warwickshire Bears C"]

1. d4 Nf6 2. Bg5 e6 3. e4 Be7 4. Nd2 h6 5. Bh4 O-O 6. Bd3 d6 7. Ngf3 c5 8. c3
Nbd7 9. O-O b6 10. Re1 Qc7 11. Rc1 Bb7 12. h3 a6 13. Nf1 Bc6 14. Qe2 Rfb8 15.
Bxf6 Bxf6 16. Ng3 Be7 17. e5 Bxf3 18. exd6 Bxd6 19. Qxf3 Ra7 20. dxc5 Nxc5 21.
Bb1 Rd8 22. Rcd1 Bxg3 23. Qxg3 Rxd1 24. Rxd1 Qxg3 25. fxg3 g6 26. Kf2 Kg7 27.
Ke3 Re7 28. Rd6 Rb7 29. Bc2 Kf6 30. b4 Ke7 31. bxc5 bxc5 32. Rd3 Rb2 33. Kd2
Rxa2 34. Kc1 Ra1+ 35. Kb2 Rg1 36. Rd2 Rh1 37. Be4 Re1 38. Bf3 Re5 39. Rd1 Rg5
40. g4 Re5 41. Ra1 Re3 42. Rxa6 Rd3 43. Rc6 Rd2+ 44. Kb3 Rd8 45. Rxc5 Rb8+ 46.
Kc4 Rb6 47. Rc7+ Kf6 48. Kc5 Ra6 49. c4 Ra5+ 50. Kc6 Ra6+ 51. Kd7 Ra2 52. c5
Rd2+ 53. Kc8 Rc2 54. c6 Ra2 55. Rd7 Ra8+ 56. Kc7 Ra7+ 57. Kd6 Ra4 58. c7 Rc4
59. Rd8 1-0

[Event "Junior Online 4NCL Division 1"]
[Site "online"]
[Date "2020.10.15"]
[Round "5.21"]
[White "Pert, Nina"]
[Black "Murawski, Pawel"]
[Result "1-0"]
[WhiteElo "1855"]
[BlackElo "1727"]
[PlyCount "77"]
[EventDate "2020.10.15"]
[WhiteTeam "Brentwood School A"]
[BlackTeam "Ojays B"]

1. e4 e5 2. Nf3 Nc6 3. Bc4 Bc5 4. c3 Nf6 5. d4 exd4 6. cxd4 Bb4+ 7. Nc3 Nxe4 8.
O-O Nxc3 9. bxc3 Be7 10. d5 Na5 11. Bd3 O-O 12. Qa4 b6 13. Qe4 g6 14. d6 cxd6
15. Qxa8 Nc6 16. Nd4 Qc7 17. Nb5 Qd8 18. Nxa7 Bf6 19. Nxc6 dxc6 20. Qxc6 Qe7
21. Ba3 Be5 22. Rae1 Bb7 23. Qxb6 Qd7 24. Rxe5 dxe5 25. Bxf8 Qd5 26. f3 Qxd3
27. Qxb7 Kxf8 28. Qb8+ Kg7 29. Qxe5+ Kh6 30. Re1 Qd2 31. Qe3+ Qxe3+ 32. Rxe3 f5
33. a4 Kg5 34. a5 f4 35. Re5+ Kh4 36. a6 g5 37. a7 h5 38. a8=Q g4 39. Qd8# 1-0

[Event "Junior Online 4NCL Division 1"]
[Site "online"]
[Date "2020.10.15"]
[Round "5.22"]
[White "Hertog, Alexander"]
[Black "Pert, Max"]
[Result "1-0"]
[WhiteElo "1690"]
[BlackElo "1727"]
[PlyCount "73"]
[EventDate "2020.10.15"]
[WhiteTeam "Ojays B"]
[BlackTeam "Brentwood School A"]

1. c4 e5 2. g3 Nc6 3. Bg2 f5 4. d3 Nf6 5. Nc3 Bc5 6. a3 d6 7. b4 Bb6 8. Bb2 O-O
9. Nf3 Ng4 10. O-O f4 11. Qb3 Be6 12. Ne4 h6 13. Qc2 d5 14. Ned2 Bxf2+ 15. Rxf2
fxg3 16. hxg3 Nxf2 17. Kxf2 e4 18. dxe4 dxc4 19. Nxc4 Nd4 20. Qc3 Bxc4 21.
Qxc4+ Rf7 22. Qxd4 Qe7 23. Qe5 Qd7 24. Qd5 Qg4 25. Rh1 Raf8 26. Rh4 Qg6 27. Qd4
b6 28. Qe5 Qc6 29. Bh3 Kh7 30. Kg2 Qc2 31. Ng5+ Kg8 32. Nxf7 Qxe2+ 33. Kh1 Qf3+
34. Kh2 Qf2+ 35. Bg2 Rxf7 36. Rf4 Rxf4 37. Qxg7# 1-0

[Event "Junior Online 4NCL Division 1"]
[Site "online"]
[Date "2020.10.15"]
[Round "5.23"]
[White "Molostvov, Dmitry M"]
[Black "Chetverikov, Ivan"]
[Result "1-0"]
[WhiteElo "1667"]
[BlackElo "1637"]
[PlyCount "49"]
[EventDate "2020.10.15"]
[WhiteTeam "Brentwood School A"]
[BlackTeam "Ojays B"]

1. d4 Nf6 2. c4 g6 3. Nc3 Bg7 4. e4 d6 5. Nf3 O-O 6. Be2 e5 7. d5 h6 8. h3 Nh7
9. O-O f5 10. exf5 gxf5 11. Bd2 f4 12. b4 Rf7 13. Rc1 Bf8 14. Kh1 Bf5 15. c5
Qd7 16. Bb5 c6 17. dxc6 bxc6 18. Bc4 d5 19. Nxe5 Qc8 20. Nxd5 cxd5 21. Bxd5 Be6
22. Bxa8 Bxh3 23. Nxf7 Kxf7 24. Qh5+ Kg8 25. Qxh3 1-0

[Event "Junior Online 4NCL Division 1"]
[Site "online"]
[Date "2020.10.15"]
[Round "5.24"]
[White "Shen, Alex"]
[Black "Cheema, Jaideep C"]
[Result "0-1"]
[WhiteElo "1630"]
[BlackElo "1420"]
[PlyCount "108"]
[EventDate "2020.10.15"]
[WhiteTeam "Ojays B"]
[BlackTeam "Brentwood School A"]

1. e4 e5 2. Nf3 Nc6 3. d4 exd4 4. Nxd4 Nf6 5. Nxc6 bxc6 6. e5 Qe7 7. Qe2 Nd5 8.
c4 Ba6 9. b3 f6 10. Bb2 fxe5 11. Qxe5 Qxe5+ 12. Bxe5 Nf6 13. Bxc7 Bb4+ 14. Nd2
O-O 15. f3 Rae8+ 16. Kd1 Ng4 17. fxg4 Rf2 18. Nf3 Rxf3 19. gxf3 Re1+ 20. Kc2
Rxa1 21. Kb2 Re1 22. Bg3 Rd1 23. Kc2 Rd2+ 24. Kb1 Bc3 25. Be1 Rb2+ 26. Kc1 Be5
27. Bg3 Bd4 28. Bd3 Rxa2 29. Rd1 c5 30. Re1 Bb7 31. f4 g6 32. f5 Kf7 33. Be5
Bf2 34. fxg6+ hxg6 35. Re2 Rxe2 36. Bxe2 Bc6 37. Kd2 g5 38. Kc3 Ke7 39. Bb8 a6
40. Be5 d6 41. Bg3 Bxg3 42. hxg3 a5 43. Bd1 Ke6 44. Kd3 Ke5 45. Ke3 Bb7 46. Be2
d5 47. Kd3 dxc4+ 48. Kxc4 Ba6+ 49. Kxc5 Bxe2 50. Kb6 Bd1 51. Kxa5 Bxb3 52. Kb4
Bd1 53. Kc3 Ke4 54. Kd2 Bxg4 0-1

[Event "Junior Online 4NCL Division 1"]
[Site "online"]
[Date "2020.10.15"]
[Round "5.25"]
[White "Murawski, Pawel"]
[Black "Pert, Nina"]
[Result "0-1"]
[WhiteElo "1727"]
[BlackElo "1855"]
[PlyCount "48"]
[EventDate "2020.10.15"]
[WhiteTeam "Ojays B"]
[BlackTeam "Brentwood School A"]

1. d4 e6 2. c4 f5 3. Nc3 Nf6 4. g3 Bb4 5. Bg2 O-O 6. Nh3 d6 7. f4 Ne4 8. Qb3
Bxc3+ 9. bxc3 Nc6 10. Nf2 Nxf2 11. Kxf2 Qe8 12. Bb2 e5 13. dxe5 dxe5 14. c5+
Kh8 15. fxe5 Nxe5 16. h3 f4 17. g4 Qe7 18. Ba3 Qh4+ 19. Kf1 f3 20. exf3 Nxf3
21. Qd5 Nd4+ 22. Kg1 Qf2+ 23. Kh2 Qf4+ 24. Kg1 Ne2# 0-1

[Event "Junior Online 4NCL Division 1"]
[Site "online"]
[Date "2020.10.15"]
[Round "5.26"]
[White "Pert, Max"]
[Black "Hertog, Alexander"]
[Result "0-1"]
[WhiteElo "1727"]
[BlackElo "1690"]
[PlyCount "102"]
[EventDate "2020.10.15"]
[WhiteTeam "Brentwood School A"]
[BlackTeam "Ojays B"]

1. e4 c6 2. d4 d5 3. e5 Bf5 4. h4 e6 5. g4 Bb4+ 6. Bd2 Bxd2+ 7. Nxd2 Be4 8. f3
Bg6 9. h5 Qg5 10. hxg6 fxg6 11. Bd3 Qe3+ 12. Ne2 c5 13. Bxg6+ Ke7 14. Rxh7 Rxh7
15. Bxh7 Nh6 16. c3 Nc6 17. Qc2 Rd8 18. Qg6 Nf7 19. Qxg7 cxd4 20. Qf6+ Ke8 21.
Bg6 Ncxe5 22. cxd4 Nxg6 23. Qxg6 Ke7 24. Qc2 Nd6 25. Rc1 Rc8 26. Qh7+ Kd8 27.
Qg8+ Kd7 28. Qg7+ Kd8 29. Qf8+ Kd7 30. Rxc8 Nxc8 31. Qf7+ Ne7 32. Qf4 Qd3 33.
Kf2 Qc2 34. Nb3 b6 35. Qd2 Qc7 36. Qb4 Qh2+ 37. Ke3 Qh6+ 38. Kd3 Qg6+ 39. Kc3
Qg5 40. Qa4+ Nc6 41. Nec1 Qe3+ 42. Nd3 Qxf3 43. Kc2 Qxg4 44. Nb4 Qe2+ 45. Nd2
b5 46. Qb3 Nxd4+ 47. Kc3 Nxb3 48. Nxb3 Qc4+ 49. Kd2 Qxb4+ 50. Kd3 Qc4+ 51. Kd2
e5 0-1

[Event "Junior Online 4NCL Division 1"]
[Site "online"]
[Date "2020.10.15"]
[Round "5.27"]
[White "Chetverikov, Ivan"]
[Black "Molostvov, Dmitry M"]
[Result "0-1"]
[WhiteElo "1637"]
[BlackElo "1667"]
[PlyCount "114"]
[EventDate "2020.10.15"]
[WhiteTeam "Ojays B"]
[BlackTeam "Brentwood School A"]

1. d4 Nf6 2. Bf4 d5 3. e3 c6 4. Nf3 e6 5. Nbd2 Nbd7 6. Bd3 Nh5 7. Bg3 Nxg3 8.
hxg3 Be7 9. c3 h6 10. Ne5 Nxe5 11. dxe5 f5 12. exf6 Bxf6 13. Bg6+ Ke7 14. Nf3
Bd7 15. Qb3 Qc7 16. O-O Be8 17. Bxe8 Raxe8 18. Rfd1 h5 19. Rab1 h4 20. g4 h3
21. g3 Be5 22. Nxe5 Qxe5 23. Kh2 Qe4 24. Qxb7+ Kf6 25. Rg1 Qf3 26. Rbf1 Rb8 27.
Qxa7 Rxb2 28. Qd4+ e5 29. g5+ Ke6 30. Qd1 Rxf2+ 31. Rxf2 Qxf2+ 32. Kh1 Qxe3 33.
Qg4+ Kd6 34. g6 Qe4+ 35. Qxe4 dxe4 36. Re1 Kd5 37. c4+ Kd4 38. Kh2 e3 39. c5
Kd3 40. Kg1 h2+ 41. Kg2 h1=Q+ 42. Rxh1 Rxh1 43. Kxh1 e2 44. Kg2 Kd2 45. Kh3
e1=Q 46. Kg4 e4 47. Kf4 e3 48. a4 Qa1 49. Kf3 e2 50. Kf4 e1=Q 51. Kf5 Qee5+ 52.
Kg4 Qad4+ 53. Kh3 Qh5+ 54. Kg2 Qe4+ 55. Kf2 Qe3+ 56. Kg2 Qhf3+ 57. Kh3 Qxg3#
0-1

[Event "Junior Online 4NCL Division 1"]
[Site "online"]
[Date "2020.10.15"]
[Round "5.28"]
[White "Cheema, Jaideep C"]
[Black "Shen, Alex"]
[Result "1/2-1/2"]
[WhiteElo "1420"]
[BlackElo "1630"]
[PlyCount "70"]
[EventDate "2020.10.15"]
[WhiteTeam "Brentwood School A"]
[BlackTeam "Ojays B"]

1. e4 c5 2. Nf3 e6 3. Nc3 Nc6 4. Bb5 Nd4 5. O-O a6 6. Be2 Be7 7. d3 Nxe2+ 8.
Qxe2 b5 9. Bd2 Bb7 10. Qe3 Nf6 11. Qf4 Rc8 12. e5 Nd5 13. Nxd5 Bxd5 14. Qg3 Kf8
15. h3 c4 16. d4 a5 17. c3 b4 18. Rfc1 bxc3 19. bxc3 a4 20. Bg5 Bxg5 21. Nxg5
h6 22. Nf3 a3 23. Rab1 Rb8 24. Rxb8 Qxb8 25. Nd2 Kg8 26. Rb1 Qc7 27. Qe3 Rh7
28. Ne4 Rh8 29. Nc5 Kh7 30. Kh2 Rf8 31. Qg3 Kg8 32. f3 Rd8 33. Qh4 Re8 34. Na6
Qa7 35. Nb4 Qb6 1/2-1/2

[Event "Junior Online 4NCL Division 1"]
[Site "online"]
[Date "2020.10.15"]
[Round "5.31"]
[White "Moore, Eoin"]
[Black "MacDonald, Duncan"]
[Result "0-1"]
[WhiteElo "1757"]
[BlackElo "1637"]
[PlyCount "74"]
[EventDate "2020.10.15"]
[WhiteTeam "KJCA Young Kestrels B"]
[BlackTeam "To Be Decided"]

1. d4 Nf6 2. c4 e5 3. dxe5 Ng4 4. Nf3 Bc5 5. e3 Nc6 6. Nc3 Ngxe5 7. Nxe5 Nxe5
8. f4 Nc6 9. Bd3 Qe7 10. Nd5 Qd8 11. O-O Nb4 12. Nxb4 Bxb4 13. a3 Be7 14. e4
O-O 15. b4 a5 16. bxa5 Rxa5 17. Qd2 Rh5 18. Bb2 Bc5+ 19. Kh1 Qh4 20. g3 Qxg3
21. Bxg7 Re8 22. Rg1 Bxg1 23. Rxg1 Qf3+ 24. Rg2 d5 25. Be2 Qxe4 26. Bf6+ Kf8
27. Bxh5 Qb1+ 28. Rg1 Qe4+ 29. Qg2 Qxg2+ 30. Rxg2 dxc4 31. Be5 Bf5 32. Rd2 Ra8
33. Bxc7 b5 34. Bd6+ Kg7 35. Bb4 Re8 36. Kg2 Re3 37. Rd5 Be4+ 0-1

[Event "Junior Online 4NCL Division 1"]
[Site "online"]
[Date "2020.10.15"]
[Round "5.32"]
[White "Smith, Ellison"]
[Black "Joshua Yip, Ben"]
[Result "0-1"]
[WhiteElo "1690"]
[BlackElo "1750"]
[PlyCount "104"]
[EventDate "2020.10.15"]
[WhiteTeam "To Be Decided"]
[BlackTeam "KJCA Young Kestrels B"]

1. e4 e5 2. Nf3 Nc6 3. Bc4 Nf6 4. Ng5 d5 5. exd5 Na5 6. Bb5+ c6 7. dxc6 bxc6 8.
Bd3 Bc5 9. O-O Ng4 10. Ne4 Bb6 11. Nbc3 f5 12. Ng3 Qh4 13. h3 Qxg3 14. hxg4 e4
15. Qe2 O-O 16. Bc4+ Kh8 17. d3 Nxc4 18. dxc4 Qh4 19. Be3 Bc7 20. g3 Bxg3 21.
fxg3 Qxg3+ 22. Kh1 f4 23. Nxe4 Qh3+ 24. Kg1 Bxg4 25. Qf2 Qxe3 26. Rae1 Qh3 27.
Qg2 Qh5 28. Qh2 Bh3 29. Rf2 Rae8 30. Rxf4 Qg6+ 31. Kf2 Rxf4+ 32. Qxf4 Bf5 33.
Ng3 Rf8 34. Kg2 Bh3+ 35. Kf3 Rxf4+ 36. Kxf4 Qg4+ 37. Ke3 Qxg3+ 38. Kd2 Qd6+ 39.
Kc3 Qg3+ 40. Kd2 Kg8 41. Re3 Qg5 42. Kd3 Bf5+ 43. Ke2 h5 44. c3 h4 45. Rf3 Bg4
46. Kf2 Bxf3 47. Kxf3 Qg3+ 48. Ke2 h3 49. b4 h2 50. b5 h1=Q 51. bxc6 Qhh2+ 52.
Kd1 Qgg1# 0-1

[Event "Junior Online 4NCL Division 1"]
[Site "online"]
[Date "2020.10.15"]
[Round "5.34"]
[White "Jaberansari, Daniel"]
[Black "Brightley-Davies, Ciaran"]
[Result "0-1"]
[WhiteElo "1592"]
[BlackElo "1637"]
[PlyCount "26"]
[EventDate "2020.10.15"]
[WhiteTeam "To Be Decided"]
[BlackTeam "KJCA Young Kestrels B"]

1. e4 e6 2. d4 d5 3. Nc3 dxe4 4. Nxe4 Bd7 5. Nf3 Bc6 6. Bd3 Nd7 7. O-O Ngf6 8.
Bg5 h6 9. Bh4 Be7 10. c3 Nxe4 11. Bxe7 Qxe7 12. Re1 Nd6 13. Bc4 Nxc4 0-1

[Event "Junior Online 4NCL Division 1"]
[Site "online"]
[Date "2020.10.15"]
[Round "5.35"]
[White "MacDonald, Duncan"]
[Black "Moore, Eoin"]
[Result "1-0"]
[WhiteElo "1637"]
[BlackElo "1757"]
[PlyCount "47"]
[EventDate "2020.10.15"]
[WhiteTeam "To Be Decided"]
[BlackTeam "KJCA Young Kestrels B"]

1. c4 Nf6 2. Nc3 d5 3. cxd5 Nxd5 4. d4 Nxc3 5. bxc3 g6 6. Nf3 Bg7 7. e4 c5 8.
Bb5+ Nc6 9. d5 Bxc3+ 10. Bd2 Bxa1 11. dxc6 O-O 12. Qxa1 Qb6 13. Bc4 Qxc6 14.
Bd5 Qb6 15. O-O Be6 16. Bh6 f6 17. Bxf8 Kxf8 18. Bxe6 Qxe6 19. e5 Rd8 20. exf6
exf6 21. Re1 Qd6 22. h3 Kg7 23. Ng5 Kh6 24. Nf7+ 1-0

[Event "Junior Online 4NCL Division 1"]
[Site "online"]
[Date "2020.10.15"]
[Round "5.36"]
[White "Joshua Yip, Ben"]
[Black "Smith, Ellison"]
[Result "1-0"]
[WhiteElo "1750"]
[BlackElo "1690"]
[PlyCount "167"]
[EventDate "2020.10.15"]
[WhiteTeam "KJCA Young Kestrels B"]
[BlackTeam "To Be Decided"]

1. e4 e6 2. d4 d5 3. e5 c5 4. c3 Nc6 5. Nf3 Qb6 6. Bd3 cxd4 7. cxd4 Bd7 8. Bc2
Nb4 9. Nc3 Nxc2+ 10. Qxc2 Qa6 11. Ne2 Rc8 12. Qd1 Bb5 13. a4 Bb4+ 14. Bd2 Bxd2+
15. Nxd2 Bd3 16. Nb3 b6 17. Rc1 Rxc1 18. Nbxc1 Bxe2 19. Nxe2 Ne7 20. O-O O-O
21. Nc3 Rc8 22. Nb5 Rc4 23. Nd6 Rxa4 24. Qf3 Nf5 25. Nxf5 exf5 26. Qxf5 Rxd4
27. e6 Qb7 28. Re1 Re4 29. exf7+ Qxf7 30. Qc8+ Qf8 31. Qc3 Qc5 32. Qd2 Rxe1+
33. Qxe1 Kf7 34. h3 Qb5 35. Qd2 Qc4 36. Qg5 Qe4 37. Qh5+ Kf6 38. g3 d4 39. Qd1
d3 40. b3 Qe2 41. Qa1+ Kg6 42. Qxa7 d2 43. Qxb6+ Kf7 44. Qc7+ Qe7 45. Qc4+ Qe6
46. Qf4+ Qf6 47. Qxd2 Qa1+ 48. Kg2 Qa8+ 49. f3 Qb7 50. Qf4+ Kg6 51. Qe4+ Qxe4
52. fxe4 Kf6 53. Kf3 Ke5 54. h4 h6 55. b4 Kd6 56. Kf4 g6 57. g4 Ke6 58. b5 Kd6
59. b6 Kc6 60. Ke5 Kxb6 61. Kf6 Kc6 62. Kxg6 Kd6 63. Kxh6 Ke5 64. Kg7 Kxe4 65.
h5 Kf4 66. h6 Kxg4 67. h7 Kg5 68. h8=Q Kf5 69. Qh6 Ke5 70. Qf6+ Ke4 71. Kg6 Kd5
72. Kg5 Ke4 73. Qf5+ Kd4 74. Kf4 Kc4 75. Qe5 Kd3 76. Qe4+ Kc3 77. Ke3 Kb3 78.
Qd4 Kc2 79. Qd3+ Kb2 80. Kd2 Ka2 81. Kc2 Ka1 82. Qd1+ Ka2 83. Qb1+ Ka3 84. Qb3#
1-0

[Event "Junior Online 4NCL Division 1"]
[Site "online"]
[Date "2020.10.15"]
[Round "5.38"]
[White "Brightley-Davies, Ciaran"]
[Black "Jaberansari, Daniel"]
[Result "0-1"]
[WhiteElo "1637"]
[BlackElo "1592"]
[PlyCount "132"]
[EventDate "2020.10.15"]
[WhiteTeam "KJCA Young Kestrels B"]
[BlackTeam "To Be Decided"]

1. e4 e6 2. d4 d5 3. Bd3 Nf6 4. e5 Nfd7 5. Nf3 c5 6. c3 Nc6 7. O-O Qb6 8. Be3
Qxb2 9. Nbd2 Qxc3 10. Qc2 Qxc2 11. Bxc2 cxd4 12. Bxd4 Nxd4 13. Nxd4 Nxe5 14.
Ba4+ Bd7 15. Bxd7+ Nxd7 16. Rac1 Bd6 17. Nb5 Be5 18. Nf3 a6 19. Nxe5 axb5 20.
Nxd7 Kxd7 21. Rb1 Kc6 22. Rfc1+ Kb6 23. Rc3 Rxa2 24. Rf3 Rha8 25. h3 Ra1 26.
Rxa1 Rxa1+ 27. Kh2 f6 28. Rg3 g6 29. Rf3 f5 30. Re3 Rc1 31. Rxe6+ Rc6 32. Re7
Rc7 33. Re5 Kc5 34. Kg3 b4 35. Re1 b3 36. Rc1+ Kd6 37. Rb1 Rc3+ 38. Kf4 Kc5 39.
Ke5 Kc4 40. Rd1 b2 41. Rd4+ Kb3 42. Rxd5 Kc2 43. Rb5 b1=Q 44. Rxb1 Kxb1 45. Kf6
Rc7 46. g4 fxg4 47. hxg4 b5 48. f4 b4 49. f5 b3 50. fxg6 hxg6 51. Kxg6 b2 52.
g5 Rc5 53. Kf6 Rxg5 54. Kxg5 Kc2 55. Kf4 b1=Q 56. Ke3 Qd1 57. Ke4 Kc3 58. Ke3
Qd3+ 59. Kf2 Qe4 60. Kf1 Kd2 61. Kf2 Qe2+ 62. Kg1 Qf3 63. Kh2 Qg4 64. Kh1 Ke2
65. Kh2 Kf2 66. Kh1 Qg2# 0-1

[Event "Junior Online 4NCL Division 1"]
[Site "online"]
[Date "2020.10.15"]
[Round "5.41"]
[White "Chung, Ethan Cheung Jing"]
[Black "Maton, Emily"]
[Result "0-1"]
[WhiteElo "1795"]
[BlackElo "1667"]
[PlyCount "48"]
[EventDate "2020.10.15"]
[WhiteTeam "St John's College A"]
[BlackTeam "St Albans Early Knights 1"]

1. e4 c5 2. d4 cxd4 3. c3 dxc3 4. Nxc3 Nc6 5. Nf3 g6 6. Bc4 Bg7 7. O-O d6 8.
Qe2 Nf6 9. Rd1 O-O 10. e5 Ng4 11. exd6 exd6 12. Bf4 Nge5 13. Nxe5 Nxe5 14. Bb3
Be6 15. Nb5 Qf6 16. Bg3 Rad8 17. Nxd6 Bxb3 18. axb3 Rxd6 19. Rxd6 Qxd6 20. Ra5
Re8 21. Rb5 Qc6 22. h3 Nf3+ 23. Qxf3 Qxb5 24. Kh2 Be5 0-1